Statistics for Movies that Start with T

Click here to take the quiz!

General Stats

  • This quiz has been taken 35,364 times
  • The average score is 11 of 16

Answer Stats

DescriptionMovie% Correct
Cowboy toy feels threatened by the new spaceman toyToy Story
97%
Time-traveling robot tries to assassinate the future mother of the human resistanceTerminator, the
93%
Man and his talking teddy bear are thunder buddies for lifeTed
90%
Norse God must regains his mojo with the help of an attractive astrophysicistThor
84%
Romance crosses class lines on an ill-fated transatlantic voyageTitanic
83%
Dangerous pilot competes with methodical pilot to be the Navy's bestTop Gun
82%
Moody teenage girl is irresistible to Pacific Northwest vampiresTwilight
82%
Tower-dwelling princess has extremely long hairTangled
75%
Young woman ignores father's advice and goes to Paris, where she is
promptly kidnapped by sex traffickers
Taken
70%
Two women have bad luck with men, commit crimes, and drive into the Grand CanyonThelma & Louise
68%
New York cabbie becomes disgusted with street crime and decides to take vigilante actionTaxi Driver
65%
Morphing space robots battle for control of a powerful artifactTransformers
65%
Diminutive high-schooler becomes a hairy monster every full moonTeen Wolf
57%
Expert video game player goes inside a computer to battle an evil programTron
55%
People are hunted by giant worm-like creatures in the deep desertTremors
42%
Obese man must sell brake pads to save the family companyTommy Boy
24%

Score Distribution

Percentile by Number Answered

Percent of People with Each Score

Your Score History

You have not taken this quiz